| 000 | 00756nam a22002177a 4500 | ||
|---|---|---|---|
| 003 | 0 | ||
| 005 | 20230913085512.0 | ||
| 008 | 230913b xxu||||| |||| 00| 0 eng d | ||
| 020 | _a978-1-284-22927-1 | ||
| 050 |
_aRT 90 _b.B37 2023 |
||
| 100 | _aBastable, Susan B. | ||
| 245 |
_aNurse as educator : principles of teaching and learning for nursing practice _cSusan B. Bastable |
||
| 250 | _aSixth edition | ||
| 260 |
_aBurlington, MA _bJones & Barlett Learning _cc2023. |
||
| 300 |
_axx, 725 pages ; _c23 cm. |
||
| 500 | _aPatient education as topic--methods. | ||
| 504 | _aIncludes bibliographical references, glossary and index. | ||
| 650 | _aPatient education as topic--methods. | ||
| 650 | _aHealth promotion--methods. | ||
| 942 |
_2lcc _cBK |
||
| 999 |
_c365290 _d365290 |
||